|
|
|
|
| LEADER |
00000cam a22000004a 4500 |
| 001 |
musev2_9945 |
| 003 |
MdBmJHUP |
| 005 |
20230905041133.0 |
| 006 |
m o d |
| 007 |
cr||||||||nn|n |
| 008 |
080130s2008 msu o 00 0 eng d |
| 010 |
|
|
|z 2008004436
|
| 020 |
|
|
|a 9781604733341
|
| 020 |
|
|
|z 1604733349
|
| 020 |
|
|
|z 9781604730821
|
| 020 |
|
|
|z 160473082X
|
| 035 |
|
|
|a (OCoLC)317404608
|
| 040 |
|
|
|a MdBmJHUP
|c MdBmJHUP
|
| 043 |
|
|
|a s-bl---
|a f------
|
| 050 |
0 |
4 |
|a ML3487.B7
|b H46 2008
|
| 082 |
0 |
|
|a 781.64089/96981
|2 22
|
| 100 |
1 |
|
|a Henry, Clarence Bernard.
|
| 245 |
1 |
0 |
|a Let's Make Some Noise :
|b Axé and the African Roots of Brazilian Popular Music /
|c Clarence Bernard Henry.
|
| 264 |
|
1 |
|a Jackson :
|b University Press of Mississippi,
|c 2008.
|
| 264 |
|
3 |
|a Baltimore, Md. :
|b Project MUSE,
|c 2012
|
| 264 |
|
4 |
|c ©2008.
|
| 300 |
|
|
|a 1 online resource (208 pages):
|b ill. ;
|
| 336 |
|
|
|a text
|b txt
|2 rdacontent
|
| 337 |
|
|
|a computer
|b c
|2 rdamedia
|
| 338 |
|
|
|a online resource
|b cr
|2 rdacarrier
|
| 504 |
|
|
|a Includes bibliographical references (p. 211-226) and index.
|
| 505 |
0 |
|
|a Sacred/secular influences: the reinvention of West African àse in Brazil -- From the sacred to the secular: popularizing candomble rhythms -- Axe embodiment in Brazilian popular music: sacred themes, imagery, and symbols -- The sacred/secular popularity of drums and drummers -- Secular impulses: dancing to the beats of different drummers -- Say it loud! I'm Black and I'm proud: popular music and axe embodiment in Bahian carnival/ijexá -- Stylizing axe as Brazilian popular music.
|
| 588 |
|
|
|a Description based on print version record.
|
| 650 |
|
0 |
|a Candomble music
|x History and criticism.
|
| 650 |
|
0 |
|a Popular music
|z Brazil
|x African influences.
|
| 655 |
|
7 |
|a Electronic books.
|2 local
|
| 710 |
2 |
|
|a Project Muse.
|e distributor
|
| 830 |
|
0 |
|a Book collections on Project MUSE.
|
| 856 |
4 |
0 |
|z Texto completo
|u https://projectmuse.uam.elogim.com/book/9945/
|
| 945 |
|
|
|a Project MUSE - Custom Collection
|
| 945 |
|
|
|a Project MUSE - Archive Complete Foundation
|
| 945 |
|
|
|a Project MUSE - Archive Film, Theater and Performing Arts Foundation
|